LEADER 01560nam a2200205 i 4500 001 000000241629 003 CaOOAMICUS 005 20150507000000.0 008 150507s1766 it u000 u lat u 013 $a220534 026 $a53i* r.o- naed fubu (3) 1766 (R) 040 $aSeMil$bita 245 10$aPars tertia, sive tomus tertius, ubi agitur Lib. 1. De bonis Ecclesiae temporalibus. Lib. 2. De eorum distributione. Lib. 3. De canonico & pio eorundem usu. Opus ex sanctis Patribus, ex Conciliis, ex quorumque temporum historiis .. 300 $a458, [92], 84 p. 500 $aSegn. : A-2E8 2F6 a-e8 f6 2A-D8 2E10. 500 $aMarca editoriale: Aquila bicipite con una corona tra le due teste. In una cornice vegetale. (Repertorio consultato: Marte, BNC Roma). 773 0 $aThomassin, Louis <1619-1695>$tVetus et nova ecclesiae disciplina circa beneficia & beneficiarios, in tres partes distributa, variisque animadversionibus locupletata; authore, eodemque interprete Ludovico Thomassino ..$bEditio omnium novissima et accurate emendata; cui adiectus est Tractatus beneficiarius Fr. Caesarii Mariae Squanin ..$dVenetiis : Ex Typographia Balleoniana, 1766.$g3$w()31861 850 $aSeMil 852 $aSeMil$W1$xVenegono$y1$m3E VI 30 FA$j191975$B191975$CSeMilBibl$Z2$F202764 $8I 996 $6245$aPars tertia, sive tomus tertius, ubi agitur Lib. 1. De bonis Ecclesiae temporalibus. Lib. 2. De eorum distributione. Lib. 3. De canonico & pio eorundem usu. Opus ex sanctis Patribus, ex Conciliis, ex quorumque temporum historiis ..$9(OLS)http://semarc/title/343396 LEADER 01118nam a2200217 i 4500 001 000000004647 003 CaOOAMICUS 005 20180830125437.0 008 180830s1856 au u000 u und u 040 $aSeMil$bita 100 1 $aStern, Max E. <1811-1873>.$0(OLS)http://semarc/name/89339 245 10$aFestgebete der Israeliten :$bmit vollständigem, sorgfältig durchgesehenem und wohlgeordnetem Texte und einer vermehrten und verbesserten deutschen Uebersetzung /$cvon Max E. Stern. 250 $a4., vermehrte und verbesserte Ausgabe. 260 $aWien :$bKnöpflmacher,$c1856. 300 $av. ;$c21 cm. 500 $aFront. e testo anche in ebraico. 650 4$aPreghiere ebraiche.$0(OLS)http://semarc/subject/794 774 0 $tNeujahrsfest 1. und 2. Tag.$g1$w()91987 774 0 $tGebete für das Versöhnungsfest.$g2$w()256456 996 $6245$aFestgebete der Israeliten :$bmit vollständigem, sorgfältig durchgesehenem und wohlgeordnetem Texte und einer vermehrten und verbesserten deutschen Uebersetzung$9(OLS)http://semarc/title/400586 996 $6260$aWien :$bKnöpflmacher$9(OLS)http://semarc/publisher/55626